000 00578cam a22002291 4500
001 sa 68016995
003 DLC
005 20260227112659.0
008 940711s1968 ii c 000 0 telo
010 _asa 68016995
025 _aPL480:I-Te-1846
035 _a(OCoLC)30748229
040 _aDLC
_cCU
_dCU
_dDLC
042 _apremarc
050 0 0 _aDS481.N25
_bV45
100 2 _aVenkata Subbayya, Gorrepati,
_d1898-
245 1 0 _aSarōjinīdēvi.
260 _c[1968]
300 _a139 p.
_bports.
_c19 cm.
500 _aIn Telugu.
600 1 0 _aNaidu, Sarojini,
_d1879-1949.
999 _c87453
_d87453